[Event "SLO-chT U20"]
[Site "Rogaska Slatina"]
[Date "2010.08.25"]
[Round "8"]
[White "Vidrih, Jana"]
[Black "Hiti, Domen"]
[Result "0-1"]
[WhiteElo "1726"]
[BlackElo "1947"]
[PlyCount "104"]
[EventDate "2010.08.21"]
[EventType "team-tourn"]
[EventRounds "9"]
[EventCountry "SLO"]
[SourceTitle "EXT 2022"]
[Source "ChessBase"]
[SourceDate "2021.10.06"]
[SourceVersion "1"]
[SourceVersionDate "2021.10.06"]
[SourceQuality "1"]

1. d4 d5 2. Bf4 Nf6 3. e3 Bf5 4. Nd2 e6 5. Ngf3 c5 6. c3 Bd6 7. Bxd6 Qxd6 8. Qb3 Qc7 9. dxc5 Nbd7 10. Qa4 Qxc5 11. Bb5 Qc7 12. 0-0 0-0 13. Nh4 Nc5 14. Qd1 Qb6 15. Be2 Qxb2 16. Nxf5 exf5 17. Qc1 Qxc1 18. Rfxc1 Nce4 19. Nb3 Rac8 20. c4 dxc4 21. Bxc4 Rc7 22. Bd3 Rfc8 23. f3 Rxc1+ 24. Rxc1 Rxc1+ 25. Nxc1 Nd6 26. Nb3 Nd5 27. Kf2 g6 28. Nd4 Nb4 29. Bb1 Nc4 30. Ke2 Na3 31. Bd3 Nxa2 32. Kd2 Nb4 33. Be2 Nb1+ 34. Kc1 Nc3 35. Bc4 Ncd5 36. Kd2 Nb6 37. Bb3 a6 38. Kc3 N4d5+ 39. Kd3 Kf8 40. g3 Ke7 41. e4 fxe4+ 42. Kxe4 Nf6+ 43. Ke5 Nfd7+ 44. Kf4 Nc5 45. Ba2 Nba4 46. Kg5 Nc3 47. Bc4 b5 48. Bf1 Ne6+ 49. Nxe6 Kxe6 50. Kh6 a5 51. Bd3 a4 52. Bc2 b4 0-1

[Event "SLO-chT U20"]
[Site "Rogaska Slatina"]
[Date "2010.08.24"]
[Round "6.33"]
[White "Vidrih, Jana"]
[Black "Kralj, Samo"]
[Result "0-1"]
[WhiteElo "1726"]
[BlackElo "1875"]
[PlyCount "62"]
[EventDate "2010.08.21"]
[EventType "team-tourn"]
[EventRounds "9"]
[EventCountry "SLO"]
[SourceTitle "EXT 2022"]
[Source "ChessBase"]
[SourceDate "2021.10.06"]
[SourceVersion "1"]
[SourceVersionDate "2021.10.06"]
[SourceQuality "1"]

1. d4 Nf6 2. Bf4 g6 3. e3 Bg7 4. Nf3 0-0 5. h3 d6 6. Be2 b6 7. 0-0 Bb7 8. Nbd2 Nbd7 9. c3 Qe8 10. Bh2 e5 11. Rc1 Ne4 12. Re1 f5 13. Qa4 Qe7 14. Qc4+ Kh8 15. Qxc7 Bd5 16. Bb5 Rfd8 17. Ba6 Nef6 18. dxe5 Ne8 19. exd6 Qf8 20. c4 Bxf3 21. Qxd8 Rxd8 22. Nxf3 Nxd6 23. Red1 Nc5 24. Bb5 Nxb5 25. cxb5 Bxb2 26. Rb1 Bf6 27. Nd4 Bxd4 28. exd4 Ne4 29. Rbc1 Rc8 30. Rc6 Nc3 31. Rc1 Ne2+ 0-1

[Event "SLO-chT U20"]
[Site "Rogaska Slatina"]
[Date "2010.08.23"]
[Round "5"]
[White "Orehek, Spela"]
[Black "Vidrih, Jana"]
[Result "1-0"]
[WhiteElo "1883"]
[BlackElo "1726"]
[PlyCount "38"]
[EventDate "2010.08.21"]
[EventType "team-tourn"]
[EventRounds "9"]
[EventCountry "SLO"]
[SourceTitle "EXT 2022"]
[Source "ChessBase"]
[SourceDate "2021.10.06"]
[SourceVersion "1"]
[SourceVersionDate "2021.10.06"]
[SourceQuality "1"]

1. e4 e6 2. d4 d5 3. Nc3 dxe4 4. Nxe4 Nd7 5. Bd3 Ngf6 6. Qe2 c5 7. Nxf6+ Nxf6 8. dxc5 Bxc5 9. Nf3 Bd7 10. Ne5 0-0 11. Bg5 Be7 12. 0-0 h6 13. Bh4 Rc8 14. Rad1 g5 15. Bg3 a6 16. Nxd7 Nxd7 17. Qe4 f5 18. Qxe6+ Kg7 19. Bxf5 Nb8 1-0

[Event "SLO-chT U20"]
[Site "Rogaska Slatina"]
[Date "2010.08.21"]
[Round "1"]
[White "Vidrih, Jana"]
[Black "Skuhala, Jernej"]
[Result "0-1"]
[WhiteElo "1726"]
[BlackElo "1767"]
[PlyCount "90"]
[EventDate "2010.08.21"]
[EventType "team-tourn"]
[EventRounds "9"]
[EventCountry "SLO"]
[SourceTitle "EXT 2022"]
[Source "ChessBase"]
[SourceDate "2021.10.06"]
[SourceVersion "1"]
[SourceVersionDate "2021.10.06"]
[SourceQuality "1"]

1. d4 Nf6 2. Nf3 e6 3. Bf4 b6 4. e3 Bb7 5. Nbd2 c5 6. c3 Be7 7. h3 0-0 8. Be2 Nc6 9. 0-0 d5 10. Re1 Bd6 11. Bxd6 Qxd6 12. dxc5 bxc5 13. Qb3 Qc7 14. Rad1 Rab8 15. Qc2 e5 16. Bb5 e4 17. Nh2 Qb6 18. c4 Nb4 19. Qb3 Ba6 20. Ba4 Nd3 21. Rf1 Qxb3 22. Bxb3 Nxb2 23. Rc1 dxc4 24. Nxc4 Nd3 25. Rc2 Nd5 26. Rd1 Nb6 27. Nd6 Rbd8 28. Nc4 Bxc4 29. Bxc4 Nb4 30. Rxd8 Rxd8 31. Rc1 Nd3 32. Rc2 Ne1 33. Rc1 Nd3 34. Rc2 Ne5 35. Bb5 c4 36. Ng4 Nxg4 37. hxg4 Rc8 38. Rc3 Kf8 39. a4 a5 40. Kh2 Ke7 41. Kg3 Kd6 42. Kf4 Nd5+ 43. Kxe4 Nxc3+ 44. Kd4 Nxb5+ 45. axb5 c3 0-1

[Event "Ptuj op"]
[Site "Ptuj"]
[Date "2009.08.04"]
[Round "4"]
[White "Vidrih, Jana"]
[Black "Lipovsek, Miran"]
[Result "0-1"]
[WhiteElo "1714"]
[BlackElo "2098"]
[PlyCount "58"]
[EventDate "2009.08.02"]
[EventType "swiss"]
[EventRounds "9"]
[EventCountry "SLO"]
[SourceTitle "CBM 131 Extra"]
[Source "ChessBase"]
[SourceDate "2009.09.03"]
[SourceVersion "2"]
[SourceVersionDate "2009.09.16"]
[SourceQuality "1"]

1. d4 d5 2. Bf4 c5 3. c3 Nc6 4. e3 Nf6 5. Nd2 e6 6. Bd3 Bd6 7. Bg3 0-0 8. Ngf3 b6 9. 0-0 Bb7 10. Re1 Rc8 11. Bc2 Re8 12. Ne5 Qc7 13. f4 cxd4 14. exd4 Nxd4 15. Bxh7+ Kxh7 16. cxd4 Bb4 17. a3 Bxd2 18. Qxd2 Ne4 19. Qe3 f6 20. Rac1 Qe7 21. Bh4 Kg8 22. Rxc8 Rxc8 23. Nd3 Qd7 24. g4 Rc2 25. g5 Qf7 26. Re2 Rxe2 27. Qxe2 Ba6 28. gxf6 Qg6+ 29. Kh1 Bxd3 0-1

[Event "Ptuj op"]
[Site "Ptuj"]
[Date "2009.08.02"]
[Round "1"]
[White "Srebrnic, Vojko"]
[Black "Vidrih, Jana"]
[Result "1-0"]
[WhiteElo "2212"]
[BlackElo "1714"]
[PlyCount "87"]
[EventDate "2009.08.02"]
[EventType "swiss"]
[EventRounds "9"]
[EventCountry "SLO"]
[SourceTitle "CBM 131 Extra"]
[Source "ChessBase"]
[SourceDate "2009.09.03"]
[SourceVersion "2"]
[SourceVersionDate "2009.09.16"]
[SourceQuality "1"]

1. e4 e6 2. d4 d5 3. Nc3 dxe4 4. Nxe4 Nd7 5. Nf3 Ngf6 6. Bd3 c5 7. Qe2 Be7 8. 0-0 0-0 9. Rd1 Qc7 10. Bg5 b6 11. Nxf6+ Nxf6 12. Bxf6 Bxf6 13. dxc5 Bb7 14. cxb6 axb6 15. c3 Rfd8 16. Ne1 Qc5 17. a3 Rd6 18. Be4 Bxe4 19. Qxe4 Rad8 20. Qe2 h6 21. Nf3 Rd5 22. Rxd5 Qxd5 23. Re1 Be7 24. h3 Bc5 25. Rc1 Qa2 26. Qc2 Qd5 27. c4 Qd7 28. b4 Be7 29. c5 bxc5 30. bxc5 Qc7 31. a4 Rd5 32. c6 Rc5 33. Qxc5 Bxc5 34. Rxc5 Qd6 35. Rc1 Qa3 36. Rc4 Qa2 37. Nd2 Qa1+ 38. Nf1 Qa2 39. Ne3 Qa1+ 40. Kh2 Qe5+ 41. g3 Qc7 42. a5 Kf8 43. a6 Ke7 44. a7 1-0

[Event "SLO-chT2 Ost"]
[Site "Maribor"]
[Date "2009.05.30"]
[Round "2"]
[White "Janzekovic, Klemen Tilen"]
[Black "Vidrih, Jana"]
[Result "1/2-1/2"]
[WhiteElo "1795"]
[BlackElo "1717"]
[PlyCount "51"]
[EventDate "2009.05.30"]
[EventType "team-tourn"]
[EventRounds "9"]
[EventCountry "SLO"]
[SourceTitle "EXT 2022"]
[Source "ChessBase"]
[SourceDate "2021.10.06"]
[SourceVersion "1"]
[SourceVersionDate "2021.10.06"]
[SourceQuality "1"]

1. e4 e6 2. d4 d5 3. Nc3 dxe4 4. Nxe4 Nd7 5. Nf3 Ngf6 6. Bg5 Be7 7. Bxf6 Nxf6 8. Bd3 b6 9. Ne5 Bd7 10. Nxf6+ Bxf6 11. Be4 c6 12. Nxc6 Qc7 13. Ne5 Rc8 14. Nxd7 Qxd7 15. c3 0-0 16. Qh5 g6 17. Qf3 Bg7 18. h4 e5 19. h5 exd4 20. hxg6 fxg6 21. Qd3 Rcd8 22. 0-0-0 Qf7 23. f3 Qxa2 24. Rxh7 Qa1+ 25. Kc2 Qa4+ 26. Kc1 1/2-1/2

[Event "SLO-chT (Women)"]
[Site "Rogaska Slatina"]
[Date "2009.03.28"]
[Round "4"]
[White "Srdic, Ursa"]
[Black "Vidrih, Jana"]
[Result "0-1"]
[WhiteElo "1784"]
[BlackElo "1726"]
[PlyCount "78"]
[EventDate "2009.03.27"]
[EventType "team-tourn"]
[EventRounds "9"]
[EventCountry "SLO"]
[SourceTitle "CBM 129 Extra"]
[Source "ChessBase"]
[SourceDate "2009.05.05"]
[SourceVersion "2"]
[SourceVersionDate "2009.05.20"]
[SourceQuality "1"]

1. e4 e6 2. d4 d5 3. e5 c5 4. c3 Qb6 5. b3 Nc6 6. Nf3 Bd7 7. Be2 Nge7 8. 0-0 Nf5 9. Bd3 Nfe7 10. Bc2 Ng6 11. Be3 Rc8 12. Qe2 cxd4 13. Nxd4 Nxd4 14. cxd4 Be7 15. Bd3 0-0 16. Nd2 Ba3 17. Nf3 Qc6 18. Ng5 h6 19. Nh3 Rc7 20. Qh5 Be8 21. f4 Bb2 22. Rad1 Qb6 23. Bb1 Rc3 24. Bf2 Bb5 25. Rfe1 Be8 26. f5 exf5 27. Bxf5 Ne7 28. Bb1 Bd7 29. Nf4 Be6 30. Ne2 Rc7 31. Be3 Rfc8 32. Rf1 Ng6 33. Rf3 Qa6 34. Nf4 Nxf4 35. Rxf4 Bc1 36. Rf3 Qe2 37. Rh3 Qxh5 38. Rxh5 Bxe3+ 39. Kf1 Bg4 0-1

[Event "SLO-ch U18 Girls"]
[Site "Rogaska Slatina"]
[Date "2009.02.26"]
[Round "7"]
[White "Vidrih, Jana"]
[Black "Bucar, Natasa"]
[Result "0-1"]
[WhiteElo "1726"]
[BlackElo "1938"]
[PlyCount "90"]
[EventDate "2009.02.22"]
[EventType "tourn"]
[EventRounds "6"]
[EventCountry "SLO"]
[SourceTitle "CBM 129 Extra"]
[Source "ChessBase"]
[SourceDate "2009.05.05"]
[SourceVersion "2"]
[SourceVersionDate "2009.05.20"]
[SourceQuality "1"]

1. d4 d5 2. Bf4 c6 3. e3 Nf6 4. c4 a6 5. Nc3 b5 6. cxd5 cxd5 7. Bd3 Nc6 8. Rc1 Qb6 9. Nf3 e6 10. h3 Be7 11. 0-0 0-0 12. Nd2 Bd7 13. Ne2 Rfc8 14. Bb1 a5 15. Nb3 a4 16. Nc5 Be8 17. Qd2 Na5 18. b4 Nc4 19. Qd3 a3 20. Bg5 g6 21. h4 Ra7 22. Ng3 Kg7 23. h5 Ng8 24. Bxe7 Nxe7 25. Kh2 Qd6 26. Rh1 Nb2 27. Qe2 Na4 28. Kg1 Nc6 29. Nxa4 Rxa4 30. hxg6 fxg6 31. Qxb5 Rxb4 32. Qd3 Rb2 33. Kh2 Rxf2 34. Qa6 Bd7 35. Rc3 Qe7 36. Kg1 Rb2 37. Qf1 Rf8 38. Qd1 Qg5 39. Ne2 Qg4 40. Rc2 Rfb8 41. Rxb2 Rxb2 42. Kf2 Nb4 43. Re1 Bb5 44. Kf1 Nxa2 45. Bxa2 Rxa2 0-1

[Event "Ptuj op"]
[Site "Ptuj"]
[Date "2008.08.14"]
[Round "7"]
[White "Bohak, Janko"]
[Black "Vidrih, Jana"]
[Result "1-0"]
[WhiteElo "2144"]
[BlackElo "1728"]
[PlyCount "47"]
[EventDate "2008.08.09"]
[EventType "swiss"]
[EventRounds "9"]
[EventCountry "SLO"]
[SourceTitle "CBM 125 Extra"]
[Source "ChessBase"]
[SourceDate "2008.09.01"]
[SourceVersion "1"]
[SourceVersionDate "2008.09.01"]
[SourceQuality "1"]

1. e4 e6 2. d4 d5 3. e5 c5 4. c3 Qb6 5. Nf3 Bd7 6. Bd3 Nc6 7. 0-0 cxd4 8. cxd4 Nxd4 9. Nxd4 Qxd4 10. Nc3 Qxe5 11. Re1 Qb8 12. Nxd5 Bd6 13. Qh5 Kf8 14. Nc3 Nf6 15. Qh4 Bc6 16. Bg5 Nd5 17. Rad1 Bf4 18. Ne4 Bxg5 19. Nxg5 Qf4 20. Qh5 g6 21. Qh6+ Ke7 22. Rxe6+ fxe6 23. Qg7+ Kd6 24. Ne4+ 1-0

[Event "Ptuj op"]
[Site "Ptuj"]
[Date "2008.08.13"]
[Round "6"]
[White "Stubljar, Andrej"]
[Black "Vidrih, Jana"]
[Result "1-0"]
[WhiteElo "2044"]
[BlackElo "1728"]
[PlyCount "89"]
[EventDate "2008.08.09"]
[EventType "swiss"]
[EventRounds "9"]
[EventCountry "SLO"]
[SourceTitle "CBM 125 Extra"]
[Source "ChessBase"]
[SourceDate "2008.09.01"]
[SourceVersion "1"]
[SourceVersionDate "2008.09.01"]
[SourceQuality "1"]

1. d4 d5 2. Nf3 Nf6 3. e3 Bf5 4. Bd3 Bg6 5. 0-0 e6 6. b3 Nbd7 7. Bb2 Be7 8. c4 c6 9. Nc3 Qc7 10. Rc1 0-0 11. Bxg6 hxg6 12. Qe2 Rac8 13. Ne5 Qb8 14. e4 dxe4 15. Nxe4 Nxe5 16. dxe5 Nxe4 17. Qxe4 Rcd8 18. Rfd1 Rxd1+ 19. Rxd1 Rd8 20. Rd3 Rxd3 21. Qxd3 Qd8 22. Qxd8+ Bxd8 23. Ba3 g5 24. g4 Kh7 25. Kf1 Kg6 26. Ke2 f6 27. Bd6 Kf7 28. Kd3 Be7 29. c5 fxe5 30. Bxe7 Kxe7 31. Ke4 Kf6 32. b4 a6 33. a3 Kf7 34. Kxe5 Ke7 35. f4 gxf4 36. Kxf4 Kf6 37. h4 g6 38. g5+ Kf7 39. Ke5 Ke7 40. a4 a5 41. bxa5 Kf7 42. Kd6 e5 43. Kxe5 Ke7 44. a6 bxa6 45. a5 1-0

[Event "Ptuj op"]
[Site "Ptuj"]
[Date "2008.08.09"]
[Round "1"]
[White "Vidrih, Jana"]
[Black "Polajzer, Danilo"]
[Result "0-1"]
[WhiteElo "1728"]
[BlackElo "2365"]
[PlyCount "38"]
[EventDate "2008.08.09"]
[EventType "swiss"]
[EventRounds "9"]
[EventCountry "SLO"]
[SourceTitle "CBM 125 Extra"]
[Source "ChessBase"]
[SourceDate "2008.09.01"]
[SourceVersion "1"]
[SourceVersionDate "2008.09.01"]
[SourceQuality "1"]

1. d4 d5 2. Bf4 Nf6 3. e3 c5 4. c3 Nc6 5. Nd2 Bf5 6. Qb3 Qd7 7. Ngf3 c4 8. Qd1 e6 9. b3 b5 10. a4 b4 11. cxb4 c3 12. b5 cxd2+ 13. Nxd2 Nb4 14. Rc1 Rc8 15. Rxc8+ Qxc8 16. Be2 Nd3+ 17. Bxd3 Bxd3 18. f3 Bb4 19. h3 Qc3 0-1

[Event "SLO-ch U18 Girls"]
[Site "Postojna"]
[Date "2008.02.25"]
[Round "2"]
[White "Topic, Jelena"]
[Black "Vidrih, Jana"]
[Result "1/2-1/2"]
[WhiteElo "1873"]
[BlackElo "1726"]
[PlyCount "132"]
[EventDate "2008.02.24"]
[EventType "tourn"]
[EventRounds "5"]
[EventCountry "SLO"]
[SourceTitle "EXT 2010"]
[Source "ChessBase"]
[SourceDate "2010.11.25"]
[SourceVersion "1"]
[SourceVersionDate "2010.11.25"]
[SourceQuality "1"]

1. e4 e6 2. d3 d5 3. Nd2 c5 4. Ngf3 Nc6 5. g3 Nf6 6. Bg2 Be7 7. 0-0 0-0 8. Re1 b5 9. c3 a5 10. e5 Nd7 11. Nf1 b4 12. h4 Qc7 13. Bf4 c4 14. d4 a4 15. a3 bxa3 16. bxa3 Rb8 17. Ne3 Rb3 18. Qc1 Qa5 19. Nd1 Na7 20. Nd2 Rb8 21. Qc2 Nb5 22. Bg5 Nxa3 23. Qa2 Bxg5 24. hxg5 Nb5 25. Qxa4 Qxa4 26. Rxa4 Bb7 27. Ra5 Bc6 28. Nxc4 Rfc8 29. Na3 Nxa3 30. Rxa3 Rb1 31. f4 Bb5 32. Kf2 Rc1 33. Bf3 Kf8 34. f5 Rc2+ 35. Kg1 Rc1 36. Bg4 Ke7 37. fxe6 fxe6 38. Ra5 Bd3 39. Kf2 Rc6 40. Ke3 Be4 41. Ra3 Nb6 42. Be2 Rc7 43. Rf1 Bf5 44. Bd3 Nc4+ 45. Bxc4 Rxc4 46. g4 Bg6 47. Ra7+ Ke8 48. Ke2 Rc2+ 49. Ke1 Rc1 50. Ra8+ Ke7 51. Kf2 Bc2 52. Ra7+ Ke8 53. Ne3 Rxf1+ 54. Nxf1 Rxc3 55. Rxg7 Bg6 56. Nd2 Rd3 57. Nf3 Be4 58. Nh4 Rxd4 59. g6 hxg6 60. Nxg6 Bxg6 61. Rxg6 Ke7 62. Kf3 Re4 63. Rg5 Re1 64. Rh5 d4 65. Rh7+ Ke8 66. Rh8+ Ke7 1/2-1/2

[Event "Nova Gorica op-B 13th"]
[Site "Nova Gorica"]
[Date "2008.01.31"]
[Round "9"]
[White "Vidrih, Jana"]
[Black "Menon, Carlo"]
[Result "1-0"]
[WhiteElo "1726"]
[BlackElo "1500"]
[PlyCount "93"]
[EventDate "2008.01.26"]
[EventType "swiss"]
[EventRounds "9"]
[EventCountry "SLO"]
[SourceTitle "EXT 2010"]
[Source "ChessBase"]
[SourceDate "2010.11.25"]
[SourceVersion "1"]
[SourceVersionDate "2010.11.25"]
[SourceQuality "1"]

1. d4 Nf6 2. Nf3 e6 3. Bf4 c5 4. c3 Nc6 5. e3 a6 6. Bd3 d5 7. Nbd2 Be7 8. 0-0 c4 9. Bc2 h6 10. e4 dxe4 11. Nxe4 Nd5 12. Bg3 b5 13. Qd2 Nf6 14. Rfe1 Qd5 15. Rad1 0-0 16. Bf4 Nxe4 17. Bxe4 Qd7 18. Ne5 Nxe5 19. Bxa8 Nc6 20. d5 exd5 21. Qxd5 Qxd5 22. Rxd5 Be6 23. Bxc6 Bxd5 24. Bxd5 Bf6 25. Be5 Re8 26. f4 g5 27. Kf2 Bd8 28. Bd6 Bb6+ 29. Kf1 Rd8 30. Rd1 Kg7 31. Ba3 gxf4 32. Bf3 Rd3 33. Rxd3 cxd3 34. Bb7 Kf6 35. Bxa6 Ke5 36. Bxb5 Ke4 37. Bd6 Be3 38. a4 Bc1 39. b3 Bb2 40. Bb4 Ke3 41. Bxd3 Kxd3 42. a5 Bc1 43. Bc5 Be3 44. Bxe3 fxe3 45. Ke1 Kxc3 46. a6 Kb4 47. a7 1-0

[Event "Nova Gorica op-B 13th"]
[Site "Nova Gorica"]
[Date "2008.01.26"]
[Round "1"]
[White "Rotoni, Matteo"]
[Black "Vidrih, Jana"]
[Result "1-0"]
[WhiteElo "2119"]
[BlackElo "1726"]
[PlyCount "53"]
[EventDate "2008.01.26"]
[EventType "swiss"]
[EventRounds "9"]
[EventCountry "SLO"]
[SourceTitle "EXT 2010"]
[Source "ChessBase"]
[SourceDate "2010.11.25"]
[SourceVersion "1"]
[SourceVersionDate "2010.11.25"]
[SourceQuality "1"]

1. e4 e6 2. d4 d5 3. e5 c5 4. c3 Nc6 5. Be3 Qb6 6. Qd2 cxd4 7. cxd4 Nge7 8. Bd3 Bd7 9. Nc3 Ng6 10. Nf3 Bb4 11. 0-0 0-0 12. Rac1 Rac8 13. Qe2 Bxc3 14. bxc3 Na5 15. Nd2 Qd8 16. f4 a6 17. f5 exf5 18. Bxf5 Bxf5 19. Rxf5 Nc4 20. Nxc4 Rxc4 21. Bd2 Qd7 22. Rcf1 Qe6 23. Qh5 Ne7 24. Rf6 Qd7 25. Rxf7 Rxf7 26. Qxf7+ Kh8 27. Bg5 1-0

[Event "SLO-chT U20"]
[Site "Murska Sobota"]
[Date "2007.08.28"]
[Round "5"]
[White "Vidrih, Jana"]
[Black "Turek, Lan Timotej"]
[Result "0-1"]
[WhiteElo "1678"]
[BlackElo "1931"]
[PlyCount "72"]
[EventDate "2007.08.25"]
[EventType "team-swiss"]
[EventRounds "9"]
[EventCountry "SLO"]
[SourceTitle "CBM 120 Extra"]
[Source "ChessBase"]
[SourceDate "2007.11.01"]
[SourceVersion "1"]
[SourceVersionDate "2007.11.01"]
[SourceQuality "1"]

1. d4 c5 2. c3 d5 3. Nf3 Nc6 4. Bf4 Bg4 5. Nbd2 e6 6. e3 Nf6 7. h3 Bh5 8. Be2 Bd6 9. Bxd6 Qxd6 10. 0-0 0-0 11. b3 Rfd8 12. Rc1 Rac8 13. Nh4 Bxe2 14. Qxe2 cxd4 15. cxd4 Nb4 16. Nb1 Ne4 17. Nf3 Rc7 18. a3 Nc6 19. Nfd2 f5 20. b4 e5 21. dxe5 Nxe5 22. Rfd1 Rdc8 23. Rxc7 Rxc7 24. Qb5 Nf6 25. Nb3 Nc4 26. Nd4 a6 27. Qa4 Nb2 28. Qb3 Nxd1 29. Qxd1 f4 30. exf4 Qxf4 31. Ne2 Qe5 32. Qd3 Qe4 33. Qxe4 Nxe4 34. f3 Ng3 35. Nd4 Rc1+ 36. Kf2 Nh1+ 0-1

[Event "SLO-chT U20"]
[Site "Murska Sobota"]
[Date "2007.08.27"]
[Round "4"]
[White "Nadvesnik, Maja"]
[Black "Vidrih, Jana"]
[Result "1/2-1/2"]
[WhiteElo "1791"]
[BlackElo "1678"]
[PlyCount "74"]
[EventDate "2007.08.25"]
[EventType "team-swiss"]
[EventRounds "9"]
[EventCountry "SLO"]
[SourceTitle "CBM 120 Extra"]
[Source "ChessBase"]
[SourceDate "2007.11.01"]
[SourceVersion "1"]
[SourceVersionDate "2007.11.01"]
[SourceQuality "1"]

1. e4 e6 2. d4 d5 3. e5 c5 4. c3 Nc6 5. Nf3 Qb6 6. Be2 Nh6 7. Bxh6 Qxb2 8. Be3 Qxa1 9. Qc2 cxd4 10. Nxd4 Ba3 11. Nb5 Nb4 12. cxb4 Bxb4+ 13. Kf1 Qxe5 14. Nc7+ Ke7 15. Nxa8 d4 16. Qc7+ Qxc7 17. Nxc7 dxe3 18. Nb5 exf2 19. Kxf2 a6 20. N5c3 b5 21. Rd1 Bb7 22. Bf3 Bxf3 23. Kxf3 Rc8 24. Rd3 f5 25. Re3 Kf6 26. Ke2 g5 27. Rd3 f4 28. Ne4+ Kf5 29. Nd6+ Bxd6 30. Rxd6 Rc2+ 31. Rd2 Rxd2+ 32. Nxd2 g4 33. Kd3 e5 34. Ne4 h5 35. g3 Ke6 36. Ng5+ Kf5 37. Ne4 Ke6 1/2-1/2

[Event "SLO-ch U16 Girls"]
[Site "Murska Sobota"]
[Date "2007.02.28"]
[Round "6"]
[White "Vidrih, Jana"]
[Black "Orehek, Spela"]
[Result "1/2-1/2"]
[WhiteElo "1613"]
[BlackElo "1851"]
[PlyCount "90"]
[EventDate "2007.02.25"]
[EventType "tourn"]
[EventRounds "9"]
[EventCountry "SLO"]
[SourceTitle "CBM 117 Extra"]
[Source "ChessBase"]
[SourceDate "2007.05.09"]
[SourceVersion "1"]
[SourceVersionDate "2007.05.09"]
[SourceQuality "1"]

1. d4 d5 2. Nf3 Nf6 3. Bf4 c5 4. e3 Qb6 5. Qc1 Nc6 6. c3 Bf5 7. Be2 h6 8. 0-0 e6 9. Nbd2 Be7 10. h3 0-0 11. Ne5 Nxe5 12. Bxe5 Rfc8 13. Nf3 c4 14. Nd2 Qa5 15. f3 b5 16. Bxf6 Bxf6 17. e4 dxe4 18. fxe4 Bg6 19. Bf3 Rab8 20. d5 exd5 21. exd5 b4 22. Ne4 Bxe4 23. Bxe4 bxc3 24. bxc3 Qxc3 25. Qxc3 Bxc3 26. Rab1 Bd4+ 27. Kh1 Bb6 28. d6 Kf8 29. Bd5 f6 30. Rbc1 Rd8 31. Bxc4 Rxd6 32. Rfd1 Rbd8 33. Bb3 Rxd1+ 34. Rxd1 Rxd1+ 35. Bxd1 Ke7 36. g4 Kd6 37. Bc2 Ke5 38. Kg2 Kf4 39. Bg6 Bd4 40. Bc2 Kg5 41. Bd3 g6 42. Kf3 h5 43. Be2 f5 44. gxh5 gxh5 45. Bf1 h4 1/2-1/2

[Event "SLO-ch U16 Girls"]
[Site "Murska Sobota"]
[Date "2006.03.02"]
[Round "6"]
[White "Orehek, Spela"]
[Black "Vidrih, Jana"]
[Result "1/2-1/2"]
[WhiteElo "1802"]
[BlackElo "1537"]
[PlyCount "56"]
[EventDate "2006.02.26"]
[EventType "swiss"]
[EventRounds "7"]
[EventCountry "SLO"]
[SourceTitle "EXT 2009"]
[Source "ChessBase"]
[SourceDate "2008.11.26"]
[SourceVersion "1"]
[SourceVersionDate "2008.11.26"]
[SourceQuality "1"]

1. e4 e6 2. d4 d5 3. Nd2 c5 4. exd5 exd5 5. Ngf3 Nf6 6. Be2 Bd6 7. dxc5 Bxc5 8. 0-0 0-0 9. Nb3 Bb6 10. Bg5 Nc6 11. c3 Be6 12. Nfd4 Nxd4 13. Nxd4 Rc8 14. Re1 Re8 15. Bb5 Bd7 16. Rxe8+ Qxe8 17. Bxf6 gxf6 18. Bd3 Qe5 19. Qd2 Qg5 20. f4 Qg7 21. Kh1 Bxd4 22. cxd4 f5 23. Be2 Be6 24. Rf1 f6 25. Rf3 Qc7 26. Rc3 Qd8 27. Rxc8 Qxc8 28. g3 Qc6 1/2-1/2

[Event "SLO-ch U16 Girls"]
[Site "Murska Sobota"]
[Date "2006.02.27"]
[Round "2"]
[White "Kozarski, Lara"]
[Black "Vidrih, Jana"]
[Result "1-0"]
[WhiteElo "1671"]
[BlackElo "1537"]
[PlyCount "127"]
[EventDate "2006.02.26"]
[EventType "swiss"]
[EventRounds "7"]
[EventCountry "SLO"]
[SourceTitle "EXT 2009"]
[Source "ChessBase"]
[SourceDate "2008.11.26"]
[SourceVersion "1"]
[SourceVersionDate "2008.11.26"]
[SourceQuality "1"]

1. e4 e6 2. d4 d5 3. exd5 exd5 4. Nf3 Bd6 5. h3 Nf6 6. Bd3 0-0 7. 0-0 Nc6 8. c3 Re8 9. Re1 Be6 10. Bg5 Ne7 11. Qc2 Ng6 12. Nbd2 Qd7 13. Ne5 Qc8 14. f4 Bd7 15. Ndf3 c6 16. Bxf6 gxf6 17. Nxg6 fxg6 18. Bxg6 Rxe1+ 19. Rxe1 f5 20. Bh5 Bxf4 21. Qe2 Bd6 22. Ne5 Be8 23. Qf3 Bxe5 24. Bxe8 Qxe8 25. Rxe5 Qg6 26. Rxf5 Re8 27. Qf4 h6 28. Rf6 Qg5 29. Kf2 Qxf4+ 30. Rxf4 Kg7 31. g4 Re7 32. Rf5 Kg6 33. h4 Re4 34. h5+ Kg7 35. g5 hxg5 36. Rxg5+ Kh6 37. Rf5 Kg7 38. Kg2 Re2+ 39. Rf2 Re4 40. Rf5 Re2+ 41. Rf2 Re4 42. Kg3 b6 43. Rf4 Re2 44. Rf2 Re4 45. Kg2 Rg4+ 46. Kh3 Re4 47. Kg3 a6 48. h6+ Kxh6 49. Rf6+ Kg7 50. Rxc6 Re2 51. Rxb6 Kf7 52. Kf3 Rc2 53. Ke3 Ke7 54. Kf4 Re2 55. Kf3 Rc2 56. Ke3 Kd7 57. Kd3 Rg2 58. a4 Rg3+ 59. Ke2 Rg2+ 60. Kd3 a5 61. Ra6 Rg8 62. Rxa5 Rb8 63. Rb5 Rxb5 64. axb5 1-0